| 000 | 00734nam a2200217 i 4500 | ||
|---|---|---|---|
| 001 | 107966 | ||
| 003 | ES-MaACL | ||
| 005 | 20250829080506.0 | ||
| 007 | t| | ||
| 008 | 070104s1971 sp ||||1| spa d | ||
| 080 | _a860(82)-32"19" | ||
| 100 | 1 |
_aCortázar, Julio. _940823 |
|
| 245 | 1 | 3 |
_aLa isla a mediodía y otros relatos / _cJulio Cortázar; prólogo de Ana María Matute. |
| 260 |
_aEstella (Navarra) : _bSalvat, _c1971. |
||
| 300 |
_a196 p., 1 h. ; _c19 cm. |
||
| 490 | 1 |
_aBiblioteca básica Salvat de Libros RTV ; _v94 |
|
| 700 | 1 |
_aMatute, Ana María, _d1925-2014 _979165 |
|
| 830 | 0 | 0 |
_aBiblioteca básica Salvat de libros RTV _v94 _9185398 |
| 852 |
_aES-MaACL _jE-3015 _bR.69765 |
||
| 999 |
_c107966 _d107966 |
||